Jak zbohatnout na kurzových sázkách : kniha úspěšného sázkaře /
Uloženo v:
| Hlavní autor: | |
|---|---|
| Médium: | E-kniha |
| Jazyk: | Czech |
| Vydáno: |
Brno :
Tribun EU,
2009
|
| Vydání: | V Tribunu EU vyd. 1. |
| Edice: | Knihovnicka.cz
|
| Témata: | |
| Tagy: |
Žádné tagy |
| LEADER | 01495nam a2200397 a 4500 | ||
|---|---|---|---|
| 001 | 292864 | ||
| 003 | CZ PrSKC | ||
| 005 | 20260407070749.0 | ||
| 007 | ta | ||
| 008 | 090505s2009 xr e f 000 0 cze | ||
| 015 | |a cnb001928531 | ||
| 020 | |a 9788073997557 |q (brož.) | ||
| 035 | |a (OCoLC)433001348 | ||
| 040 | |a BOA001 |b cze | ||
| 072 | 7 | |a 794.9 |x Hry závislé na náhodě |2 Konspekt | |
| 080 | |a 794.9 |2 MRF | ||
| 080 | |a (035) |2 MRF | ||
| 100 | 1 | |a Kňazovčík, Ladislav, |d 1972- |7 mzk2009512627 |4 aut | |
| 245 | 1 | 0 | |a Jak zbohatnout na kurzových sázkách : |b kniha úspěšného sázkaře / |c Ladislav Kňazovčík |
| 246 | 1 | 8 | |a Kniha úspěšného sázkaře |
| 250 | |a V Tribunu EU vyd. 1. | ||
| 260 | |a Brno : |b Tribun EU, |c 2009 | ||
| 300 | |a 188 s. ; |c 21 cm | ||
| 490 | 1 | |a Knihovnicka.cz | |
| 500 | |a Pod názvem: World of sportbetting.com | ||
| 504 | |a Obsahuje bibliografii | ||
| 650 | 0 | 7 | |a sázkové hry |7 ph126384 |2 czenas |
| 650 | 0 | 9 | |a betting |2 eczenas |
| 655 | 7 | |a příručky |7 fd133209 |2 czenas | |
| 655 | 9 | |a handbooks and manuals |2 eczenas | |
| 830 | 0 | |a Knihovnicka.cz | |
| 900 | |a ABA001 |b 17 | ||
| 044 | |a xr | ||
| 910 | |a RBIT002 | ||
| 998 | |d 6115 |a https://core.palmknihy.cz/api/books/6115/cover?qbubfv |b https://core.palmknihy.cz/api/books/6115/cover/400?8736aa |c https://core.palmknihy.cz/api/books/6115/cover/50?m0mmp0 |e |g 190 |i 9788073997557 |k https://core.palmknihy.cz/api/books/6115/preview.pdf |l |q 49 |r 1 |s https://www.palmknihy.cz/kniha/6115 |t ebook |y 2013 |z 0 | ||
| 999 | |d 292862 | ||